000 01285nam a2200241Ii 4500
003 JO-AjNU
005 20240624095623.0
008 230605s9999||||xx |||||||||||||| ||und||
040 _aJO-AjNU
_bara
_erda
_cJO-AjNU
041 _aara
050 1 4 _aBP173.759 2019
100 1 _aفريحات، رحاب عيسى
_eمعد
_965501
245 1 0 _aدور المرابحة للآمر بالشراء في تنمية المشاريع الصغيرة في المصارف الاسلامية الاردنية2014-2018 = The Role of Al-Murabah To Purchase Order in the Development of Small Enterprises in Jordanian Islamic Banks 2014-2018
_cاعداد رحاب عيسى فريحات : إشراف محي الدين يعقوب ابو الهول
260 _c2019
300 _a93 ورقة
336 _atext
_btxt
_2rdacontent
337 _aunmediated
_bn
_2rdamedia
338 _avolume
_bnc
_2rdacarrier
500 _aرسالة جامعية ( اطروحة ماجستير) جامعة عجلون الوطنية: كلية ادارة الاعمال ، المصارف الاسلامية، 2019
650 4 _aالمشاريع الصغيرة- المصارف الاسلامية-الاردن
_959333
700 1 _aابو الهول، محي الدين يعقوب
_964950
_eمشرف
942 _2lcc
_cTHS
999 _c30262
_d30262